000 00501nam a2200193Ia 4500
005 20250508153224.0
008 008 250505s9999 xx 000 0 eng d
037 _aTextual
040 _aFEDL
_beng
_cFEDL
041 _aeng
_2eng
084 _a612.82, MAG
_qFEDL
100 _aMagoun H W
_9763447
245 0 _aWaking brain
250 _a2nd
260 _aSpringfield
_bCharles C Thomas
_c1963
300 _aviii,188p.
942 _cTEXL
_h612.82, MAG
999 _c1341349
_d1341349